000 01496nam a22002777a 4500
005 20250926154642.0
010 _aHIN-130163 HIN-130182 HIN-130178 B-765316-5357 25BACHN25
020 _a9789355213792(भा-1)
_c300.00
020 _a9789355218841(भा-2)
_c300.00
020 _a9789355216144(भा-3)
_c300.00
035 _aB-765316-5357
035 _aHN-102509
035 _aHN-102524
035 _aHN-102528
037 _bप्रभात प्रकाशन
037 _bDBAD
082 _a
100 _aगुप्ता,अक्षत
_985241
245 _aद हिडन हिंदू/
_cअक्षत गुप्ता
260 _aनई दिल्ली
_bप्रभात प्रकाशन
_c2024
270 _a4/19 आसफ अली रोड़
_bनई दिल्ली
_e110002
300 _a3,भाग,(208पृ.:270पृ.:263पृ.:)
_c22सेमी(अजिल्द)
500 _a3 पुस्तकों की श्रृंखला (भा-1-3)
942 _2ddc
_cHN
_mगुप्ताअ
_h
999 _c209888
_d209888